02996cam a22005414i 4500003000900000005001700009008004100026020003900067035002700106040003800133049000900171050002500180082002200205100002600227240002900253245011300282264007900395300004400474336002100518337002500539338002300564490002900587504004000616504003400656505086200690526001001552526001001562526001001572526001001582526000801592526000801600526000801608526000801616526000801624526000801632526000801640600003201648650001701680700003701697910002801734942001401762949018801776994001401964596000601978999023101984980005502215952018402270PE-LiUPU20250731172834.0150827s2014 miu rb 001 0 eng d a9780802869241q(pbk. : alk. paper) a(Sirsi) i9780802869241 aDLCbspacDLCdDLCdPE-LiUPUerda aPRUA00aBR333.3b.H3613 201404a284.1092bH192231 aHamm, Berndt,eautor.10aFrühe Luther.lEnglish14aThe early Luther :bstages in a Reformation reorientation /cBerndt Hamm ; translated by Martin J. Lohrmann. 1aGrand Rapids, Michigan :bWilliam B. Eerdmans Publishing Company,c[2014]. axix, 286 páginas ;c23 centímetros. atext2rdacontent aunmediated2rdamedia avolume2rdacarrier0 aLutheran quarterly books aBibliografía : páginas 258-278. aÍndice : páginas 279-286.0 a1. From the medieval "love of God" to Luther's "faith": a contribution to the history of repentance -- 2. Impending doom and imminent grace: Luther's early years in the cloister as the beginning of his Reformation reorientation -- 3. Why did Luther turn faith into the central concept of the Christian life? -- 4. The Ninety-five Theses: a Reformation text in the context of Luther's early theology of repentance -- 5. Luther's instructions for a blessed death, viewed against the background of the late medieval Ars Moriendi -- 6. Luther's discovery of evangelical freedom -- 7. Freedom from the pope and pastoral care to the pope: the compositional unity of The Freedom of a Christian and its dedication letter to Pope Leo X -- 8. How mystical was Luther's faith? -- 9. Justification by faith alone: a profile of the Reformation doctrine of justification. aSEG42 aSEG41 aSEG40 aSEG39 aP94 aP87 aP86 aP85 aP77 aP76 aP3510aLuther, Martin,d1483-1546. 0aReformation.1 aLohrmann, Martin J.,etraductor. aaasbjckcaasd20150827 2ddccBOOK aPGT 284.1092 H19wDEWEYc1i71789lCCODEBUL1mBULp36.00r0sYtBOOKu2015-8-27xTEOLOGIAPP850COMPRAo.CIRCNOTE. No olvidar cambiar la fecha de devolución!!!!!!!o.STAFF. Posgrado aC0bPEPRU a1 aPGT 284.1092 H19wDEWEYc6920i71789d6920e2018-10-12f2021-11-11g5lCCODEBUL1mBULn10p36.00q4r0sYtBOOKu2015-8-27xTEOLOGIAPP850COMPRAo.CIRCNOTE. No olvidar cambiar la fecha de devolución!!!!!!!o.STAFF. Posgrado 81gALBERTO SANCHEZ Responsable de Automatización r2025-12-02 00:00:00i6l10o284.1092 H19p71789s2018-10-12te1v41.00w2015-08-27xPGyBKzinventario-2023-12-13102ddc50708GENfP85aBULbBULcGENd2015-08-27eCOMPRAg36.00